European Capitals in Alphabetical Order - Statistics

General Stats
  • This quiz has been taken 109 times
  • The average score is 35 of 45
Answer Stats
Hint Capital % Correct
A Amsterdam
95%
Andorra la Vella
95%
Budapest
90%
Athens
88%
Berlin
88%
Brussels
88%
Bucharest
88%
Belgrade
84%
S San Marino
84%
Bern
83%
Bratislava
83%
Copenhagen
83%
Helsinki
83%
Dublin
81%
London
81%
Chișinău
79%
L Lisbon
79%
Luxembourg
79%
Zagreb
79%
Ljubljana
78%
Moscow
78%
Prague
78%
Reykjavik
78%
Riga
78%
Sarajevo
78%
Vilnius
78%
Warsaw
78%
Madrid
76%
Minsk
76%
Monaco
76%
Paris
76%
Rome
74%
Skopje
74%
Sofia
74%
Stockholm
74%
Kiev
72%
Oslo
72%
Podgorica
72%
Tallinn
72%
Vatican City
72%
Pristina
71%
Vaduz
71%
Vienna
71%
Valletta
69%
Tirana
64%
No matching quizzes found
Score Distribution
Percent of People with Each Score
Percentile by Number Answered
Your Score History
You have not taken this quiz